| 000 | 01351nam a2200265 a 4500 | ||
|---|---|---|---|
| 003 | OSt | ||
| 005 | 20140310182503.0 | ||
| 008 | 110628s19uu xx 00 eng d | ||
| 010 | _a2009046304 | ||
| 020 | _a9780470281734 | ||
| 050 |
_aQP 514.2 _b.T4 2011 |
||
| 110 |
_aJohn Wiley & Sons Inc. _98743 |
||
| 245 |
_aTextbook of biochemistry : _bwith clinical correlations / _cedited by Thomas M. Devlin. |
||
| 250 | _a7th ed. | ||
| 260 |
_aHoboken, NJ : _bJohn Wiley & Sons, _cc2011. |
||
| 300 |
_axxxii, 1204 p. ; _bill. col. ; _c28 cm. |
||
| 500 | _aIncludes bibliographical references and index | ||
| 520 | _a"This book presents a clear and precise discussion of the biochemistry of eukaryotic cells, particularly those of mammalian tissues, relates biochemical events at a cellular level to the subsequent physiological processes in the whole animal, and cites examples of abnormal biochemical processes in human disease. The organization and content are tied together to provide students with the complete picture of biochemistry and how it relates to human diseases"--Provided by publisher. | ||
| 650 |
_aBiochemistry _97667 |
||
| 650 |
_aClinical biochemistry _97938 |
||
| 650 |
_aBiochemical Phenomena _97768 |
||
| 942 |
_2lcc _cSSLC |
||
| 999 |
_c13826 _d13826 |
||